Представление документа в формате RUSMARC

ПолеНазваниеЗначение
  Тип записи a
  Библиографический уровень a
001 Контрольный номер UONB/MAIN/2e1d26a3c6bf423397561571978e3c32
005 Дата корректировки 20260403103444.3
100 Данные общей обработки __
a Данные общей обработки 20260403 ||| 0rusy0189 ca
101 Язык документа 0_
a Язык текста rus
102 Страна публикации __
a Страна публикации RU
200 Заглавие и сведения об ответственности 1_
a Заглавие Памяти Анны Михайловны Гусевой...
e Сведения, относящиеся к заглавию некролог
203 Вид содержания и тип средства __
a Вид содержания Текст
b Характеристика содержания визуальный
c Тип средства непосредственный
215 Физическое описание __
c Иллюстрации/тип воспроизводства ил., портр.
330 Аннотация __
a Аннотация Анна Михайловна Гусева - почетный гражданин Сенгилеевского района.
461 Уровень набора _0
1 2000
a Волжские зори
463 Уровень физической единицы _0
1 2000
a № 13 (7163) (27 марта)
v С. 11
1 2101
d 2026
1 001UONB/MAIN/b05d3d9194c94da69b65aad87fd0d284
600 Персоналии _1
a Персоналии (Фамилия) Гусева
b Персоналии (Имя, инициалы) А. М.
g Полное имя Анна Михайловна
607 Географические рубрики __
a Географическое наименование Сенгилеевский район (Ульяновская область)
610 Ключевые слова 0_
a Ключевые слова некрологи; почетные граждане; почетные граждане Сенгилеевского района; социальная защита
686 Индексы других классификаций __
2 Код системы rubbk
a Классификационный индекс
801 Источник записи _0
a Страна RU
b Организация Ульяновская ОНБ
c Дата составления 20260403
g Правила каталогизации RCR
801 Источник записи _1
a Страна RU
b Организация Ульяновская ОНБ
c Дата составления 20260403
g Правила каталогизации RCR
901 Тип документа __
t Тип документа f
w Контрольный № источника UONB/MAIN/b05d3d9194c94da69b65aad87fd0d284
909 Создатель записи __
a Создатель записи Мухаметжанова
b Дата создания записи 20260403